[Event "4NCL Online Division 4"]
[Site "online"]
[Date "2020.09.08"]
[Round "2.162"]
[White "Chilton, James I"]
[Black "Pool, Melvin R"]
[Result "1-0"]
[WhiteElo "1892"]
[BlackElo "1645"]
[PlyCount "83"]
[EventDate "2020.09.08"]
[WhiteTeam "Wessex Some Stars C"]
[BlackTeam "Temple Sutton"]

1. d4 e5 2. dxe5 Nc6 3. Nf3 Qe7 4. Bg5 Qb4+ 5. Bd2 Qxb2 6. Nc3 Bb4 7. Rb1 Qa3
8. Nd5 Bxd2+ 9. Qxd2 Qxa2 10. Rd1 Kd8 11. Qg5+ Nge7 12. Qxg7 Qa5+ 13. c3 Re8
14. Qf6 b5 15. Ng5 Bb7 16. e6 fxe6 17. Nxe6+ Kc8 18. Ndxc7 dxe6 19. Nxe8 Kb8
20. f3 Nd5 21. Qh8 Qxc3+ 22. Qxc3 Nxc3 23. Rd7 b4 24. Nd6 Bc8 25. Rxh7 b3 26.
e4 b2 27. Bd3 a5 28. Kd2 a4 29. Kxc3 a3 30. Bb1 a2 31. Bxa2 Rxa2 32. Rb1 Ra1
33. Rxb2+ Ka8 34. Nxc8 Rc1+ 35. Kd2 Rc5 36. Nb6+ Kb8 37. Nd7+ Kc8 38. Nxc5 Nd4
39. Kd3 Nxf3 40. gxf3 e5 41. Rg7 Kd8 42. Rb8# 1-0

[Event "4NCL Online Division 4"]
[Site "online"]
[Date "2020.09.08"]
[Round "2.163"]
[White "Clancy, Mark"]
[Black "Clancy, Martin J"]
[Result "0-1"]
[WhiteElo "1450"]
[BlackElo "1870"]
[PlyCount "122"]
[EventDate "2020.09.08"]
[WhiteTeam "Temple Sutton"]
[BlackTeam "Wessex Some Stars C"]

1. e4 c5 2. Nf3 d6 3. d4 cxd4 4. Nxd4 Nf6 5. Nc3 a6 6. Bd3 Nc6 7. Nf3 e6 8. O-O
Be7 9. Be3 O-O 10. h3 b5 11. Qd2 Qc7 12. a3 Bb7 13. Rad1 Rac8 14. Rfe1 Na5 15.
Rc1 Nc4 16. Bxc4 Qxc4 17. Bd4 e5 18. Bb6 Bxe4 19. Nxe4 Nxe4 20. Qe3 f5 21. Ba5
Nf6 22. Red1 Rfe8 23. Qd2 Rc6 24. Bb4 Ne4 25. Qd5+ Qxd5 26. Rxd5 Rec8 27. c3
Kf7 28. Rcd1 Ke6 29. Kf1 h6 30. Ne1 Nf6 31. R5d2 d5 32. Nf3 Bxb4 33. axb4 Rc4
34. Kg1 g5 35. Re1 Re4 36. Red1 Rcc4 37. Rd3 Re2 38. Nd2 Rc6 39. Nb3 Rxb2 40.
Nc5+ Ke7 41. f3 a5 42. Ra1 a4 43. Kf1 Rd6 44. Re3 e4 45. fxe4 Nxe4 46. Nxe4
dxe4 47. Rae1 Re6 48. Rd1 f4 49. Ree1 Re5 50. Rd4 e3 51. Kg1 Ke6 52. Red1 e2
53. Rd6+ Kf5 54. Re1 h5 55. Kf2 g4 56. hxg4+ hxg4 57. Rd3 a3 58. Rd8 a2 59. Ra8
g3+ 60. Kg1 Rb1 61. Rxa2 Rxe1# 0-1

[Event "4NCL Online Division 4"]
[Site "online"]
[Date "2020.09.22"]
[Round "3.11"]
[White "Whatmore, Steve"]
[Black "Symonds, Richard H"]
[Result "0-1"]
[WhiteElo "1825"]
[BlackElo "1981"]
[PlyCount "102"]
[EventDate "2020.09.22"]
[WhiteTeam "Rugeley Rangers"]
[BlackTeam "Uxbridge Knights A"]

1. d4 e6 2. c4 f5 3. g3 Nf6 4. Bg2 d5 5. cxd5 exd5 6. Nc3 c6 7. Nf3 Nbd7 8. O-O
Bd6 9. Qc2 Ne4 10. Nxe4 fxe4 11. Nh4 O-O 12. f4 Be7 13. f5 Bxh4 14. gxh4 Qxh4
15. Rf4 Qh5 16. Qb3 Rxf5 17. Rxf5 Qxf5 18. Bd2 Nf6 19. Rf1 Qh5 20. Qg3 Qg4 21.
Qc7 Qd7 22. Qg3 Qg4 23. Qc7 Qg6 24. Qd8+ Qe8 25. Qc7 e3 26. Bb4 Bg4 27. Be7 Qd7
28. Qxd7 Nxd7 29. Bf3 Bh3 30. Rc1 Re8 31. Bg5 h6 32. Bf4 g5 33. Bg3 Nf6 34. Be5
Nd7 35. Bg3 Kg7 36. b4 a6 37. a4 Nb6 38. Be5+ Kg6 39. Bg2 Bg4 40. Bf3 Bxf3 41.
exf3 Nc4 42. Bg3 h5 43. h4 gxh4 44. Bxh4 Kf5 45. Kh2 Kf4 46. Bg3+ Kxf3 47. Rf1+
Ke2 48. Re1+ Kd3 49. Rd1+ Kc2 50. Rg1 Kc3 51. Rc1+ Kxd4 0-1

[Event "4NCL Online Division 4"]
[Site "online"]
[Date "2020.09.22"]
[Round "3.12"]
[White "Kamath, Raghu"]
[Black "Carr, Matthew"]
[Result "1/2-1/2"]
[WhiteElo "1885"]
[BlackElo "1705"]
[PlyCount "97"]
[EventDate "2020.09.22"]
[WhiteTeam "Uxbridge Knights A"]
[BlackTeam "Rugeley Rangers"]

1. e4 e6 2. f4 d5 3. e5 Nh6 4. Nf3 c5 5. c3 Nf5 6. Na3 Nc6 7. Nc2 Be7 8. g3 d4
9. d3 O-O 10. Bg2 Qc7 11. c4 f6 12. Qe2 Bd7 13. O-O fxe5 14. fxe5 h6 15. Bd2
Be8 16. g4 Nh4 17. Nxh4 Rxf1+ 18. Rxf1 Bxh4 19. Be1 Bxe1 20. Rxe1 Bg6 21. Be4
Bxe4 22. Qxe4 Rf8 23. Qg6 Qf7 24. Qxf7+ Rxf7 25. Kg2 Rf4 26. h3 a6 27. a3 b5
28. cxb5 axb5 29. b3 c4 30. bxc4 bxc4 31. dxc4 d3 32. Ne3 Nxe5 33. c5 Nc6 34.
Rd1 Rd4 35. Rb1 d2 36. Nd1 Rc4 37. Rb2 Rxc5 38. Rxd2 Ra5 39. Rd6 Ne5 40. Rxe6
Kf7 41. Rb6 Rxa3 42. Nf2 Ra2 43. Kg3 Nc4 44. Rc6 Nd2 45. Rc7+ Kg6 46. Rc6+ Kf7
47. Rc7+ Kf6 48. Rc6+ Kf7 49. Rc7+ 1/2-1/2

[Event "4NCL Online Division 4"]
[Site "online"]
[Date "2020.09.22"]
[Round "3.13"]
[White "Sullivan, Luke"]
[Black "Hughes, Colin"]
[Result "0-1"]
[WhiteElo "1525"]
[BlackElo "1817"]
[PlyCount "74"]
[EventDate "2020.09.22"]
[WhiteTeam "Rugeley Rangers"]
[BlackTeam "Uxbridge Knights A"]

1. Nf3 Nf6 2. c4 e6 3. Nc3 d5 4. cxd5 exd5 5. d4 Be7 6. Bf4 a6 7. Qc2 O-O 8. e3
Re8 9. Bd3 Nc6 10. a3 h6 11. h3 Be6 12. g4 Qd7 13. g5 hxg5 14. Nxg5 Bd6 15.
Bxd6 Qxd6 16. O-O-O b5 17. Nxe6 Rxe6 18. Na2 Ne4 19. Rhg1 Kf8 20. Rg2 Rb8 21.
Rdg1 g6 22. Bxe4 Rxe4 23. Rg5 a5 24. Nc3 Rh4 25. Rxd5 Qh2 26. Ne2 Rb6 27. Rc5
Qxf2 28. Rxc6 Qxe3+ 29. Kb1 Rxc6 30. Qxc6 Qxe2 31. Qc5+ Kg7 32. Qxc7 Qe4+ 33.
Ka1 Qxd4 34. Rg4 Qd1+ 35. Ka2 Rxh3 36. Qe5+ Kh7 37. Rd4 Qb3+ 0-1

[Event "4NCL Online Division 4"]
[Site "online"]
[Date "2020.09.22"]
[Round "3.14"]
[White "Colter, Nigel"]
[Black "Wood, Ryan"]
[Result "1-0"]
[WhiteElo "1780"]
[BlackElo "1390"]
[PlyCount "93"]
[EventDate "2020.09.22"]
[WhiteTeam "Uxbridge Knights A"]
[BlackTeam "Rugeley Rangers"]

1. d4 d5 2. Nf3 Nf6 3. e3 e6 4. Bd3 c5 5. b3 Nc6 6. Bb2 Bd6 7. O-O O-O 8. Nbd2
a6 9. Qe2 cxd4 10. exd4 Qc7 11. a3 b5 12. b4 Ne7 13. Nb3 Ng6 14. Nc5 Nf4 15.
Qd2 Nxd3 16. Qxd3 Bd7 17. Ne5 Bxe5 18. dxe5 Ng4 19. f4 a5 20. h3 Nh6 21. Bc3
Qb6 22. Kh2 Bc8 23. g4 axb4 24. Bxb4 Rd8 25. Nb3 Bb7 26. Qd4 Qc6 27. c3 Qc4 28.
Nc5 Qxd4 29. cxd4 Bc6 30. f5 Re8 31. Bd2 Kh8 32. Bxh6 gxh6 33. Kg3 Kg7 34. Kh4
Ra7 35. Kh5 exf5 36. gxf5 f6 37. Rg1+ Kf7 38. e6+ Kf8 39. Kxh6 Ree7 40. Rg3 Rg7
41. Rag1 Rxg3 42. Rxg3 Re7 43. Nd3 Ra7 44. Nf4 Re7 45. Nh5 Be8 46. Nxf6 Bc6 47.
Rg8# 1-0

[Event "4NCL Online Division 4"]
[Site "online"]
[Date "2020.09.22"]
[Round "3.21"]
[White "Goss, Alex"]
[Black "Holliday, John K"]
[Result "1-0"]
[WhiteElo "1828"]
[BlackElo "1798"]
[PlyCount "25"]
[EventDate "2020.09.22"]
[WhiteTeam "Gondaga"]
[BlackTeam "Bradford DCA Knights B"]

1. e4 d5 2. exd5 Nf6 3. d4 Bg4 4. f3 Bf5 5. g4 Bg6 6. c4 c6 7. dxc6 Nxc6 8. d5
Ne5 9. Bf4 Ned7 10. Nc3 Nb6 11. Nb5 Nbxd5 12. cxd5 Nxd5 13. Qxd5 1-0

[Event "4NCL Online Division 4"]
[Site "online"]
[Date "2020.09.22"]
[Round "3.22"]
[White "Adam, David W"]
[Black "McGlade, Emmet"]
[Result "1-0"]
[WhiteElo "1758"]
[BlackElo "1825"]
[PlyCount "104"]
[EventDate "2020.09.22"]
[WhiteTeam "Bradford DCA Knights B"]
[BlackTeam "Gondaga"]

1. c4 Nf6 2. g3 c6 3. Bg2 d5 4. Nf3 Bf5 5. O-O e6 6. d3 Bd6 7. Nc3 O-O 8. Bd2
Nbd7 9. h3 dxc4 10. dxc4 Ne5 11. Nh4 Nxc4 12. Nxf5 exf5 13. Bg5 h6 14. Bxf6
Qxf6 15. Qc2 Ne5 16. Rad1 Rad8 17. e3 Rfe8 18. a3 Rd7 19. Qa4 Bc5 20. b4 Bb6
21. Rxd7 Nxd7 22. Qc2 Qe6 23. Rd1 Nf6 24. Na4 Ne4 25. Nxb6 axb6 26. Qd3 c5 27.
h4 c4 28. Qc2 b5 29. Bh3 g6 30. Rd4 Ra8 31. Bg2 Rxa3 32. Bxe4 fxe4 33. Rxe4
Ra1+ 34. Kh2 Qc6 35. f3 Qf6 36. Rf4 Qa6 37. Qe4 Ra2+ 38. Kh1 Qc6 39. Qe7 Qe6
40. Qd8+ Kh7 41. g4 c3 42. Qf8 Ra1+ 43. Kh2 Qe5 44. Qxf7+ Qg7 45. Qe6 Ra6 46.
Qe8 Rf6 47. Re4 Rf8 48. Qxb5 c2 49. Qc4 Qb2 50. Re7+ Kh8 51. Rf7 c1=Q+ 52. Kg3
Qxc4 1-0

[Event "4NCL Online Division 4"]
[Site "online"]
[Date "2020.09.22"]
[Round "3.23"]
[White "Moran, Hugh"]
[Black "Dean, Robert A"]
[Result "1-0"]
[WhiteElo "1711"]
[BlackElo "1744"]
[PlyCount "81"]
[EventDate "2020.09.22"]
[WhiteTeam "Gondaga"]
[BlackTeam "Bradford DCA Knights B"]

1. e4 e6 2. d4 d5 3. exd5 exd5 4. Bd3 Nc6 5. Nf3 Bg4 6. c3 Bd6 7. O-O Qd7 8.
Nbd2 O-O-O 9. b4 Nge7 10. Nb3 f6 11. Nc5 Bxc5 12. bxc5 g5 13. Rb1 h5 14. Qb3 b6
15. cxb6 cxb6 16. Nd2 h4 17. Ba6+ Kb8 18. Qa4 Bf5 19. Rb2 g4 20. Nb3 Ka8 21.
Qb5 g3 22. Nc5 gxh2+ 23. Kh1 Qd6 24. Nb7 Qc7 25. Nxd8 Rxd8 26. Qe2 Be4 27. Bd3
f5 28. Bxe4 fxe4 29. Qg4 Rh8 30. Bf4 Qb7 31. Bxh2 Qa6 32. Rfb1 Qd3 33. Qh3 Qc4
34. Be5 Rh5 35. Bd6 Rh6 36. Bxe7 Nxe7 37. Qd7 Ng6 38. Qd8+ Kb7 39. Rxb6+ axb6
40. Rxb6+ Ka7 41. Qb8# 1-0

[Event "4NCL Online Division 4"]
[Site "online"]
[Date "2020.09.22"]
[Round "3.24"]
[White "Ibbitson, Anthony"]
[Black "Murray, Sam"]
[Result "1/2-1/2"]
[WhiteElo "1735"]
[BlackElo "1621"]
[PlyCount "60"]
[EventDate "2020.09.22"]
[WhiteTeam "Bradford DCA Knights B"]
[BlackTeam "Gondaga"]

1. e4 e5 2. Nf3 Nc6 3. d4 exd4 4. Nxd4 Bc5 5. Nxc6 Qf6 6. Qf3 dxc6 7. Nc3 Be6
8. Be3 Bb4 9. Qxf6 Nxf6 10. f3 O-O-O 11. Be2 Kb8 12. O-O Rd7 13. a3 Ba5 14.
Rad1 Rhd8 15. Na4 Bb6 16. Nxb6 axb6 17. Bg5 Rxd1 18. Rxd1 Rxd1+ 19. Bxd1 Nd7
20. Be3 f6 21. Be2 Ne5 22. Bd4 Nc4 23. Bxc4 Bxc4 24. f4 Kc8 25. Kf2 Kd7 26. Ke3
c5 27. Bc3 b5 28. e5 fxe5 29. Bxe5 g6 30. g3 c6 1/2-1/2

[Event "4NCL Online Division 4"]
[Site "online"]
[Date "2020.09.22"]
[Round "3.31"]
[White "Robbings, Andrew MJ"]
[Black "Shepherd, Tom"]
[Result "1/2-1/2"]
[WhiteElo "1975"]
[BlackElo "2027"]
[PlyCount "101"]
[EventDate "2020.09.22"]
[WhiteTeam "Wantage"]
[BlackTeam "MCS Oxford A"]

1. e4 c5 2. Nf3 d6 3. d4 cxd4 4. Nxd4 Nf6 5. Bb5+ Bd7 6. c4 g6 7. Nc3 Bg7 8.
O-O Nc6 9. Nxc6 Bxc6 10. Bxc6+ bxc6 11. Qf3 Nd7 12. Qe2 O-O 13. Bg5 Re8 14.
Rac1 a5 15. Rfd1 Qc7 16. Be3 a4 17. Bd4 Bxd4 18. Rxd4 Qb6 19. Rd2 Reb8 20. Kh1
Qc5 21. f4 Rb4 22. Nd1 Rb7 23. h3 Rab8 24. Nf2 Qa5 25. Nd3 Nc5 26. Rcc2 Nxd3
27. Qxd3 Qc5 28. Re2 e5 29. f5 Qd4 30. Qa3 Rb4 31. fxg6 hxg6 32. Kh2 c5 33. Qf3
Rxb2 34. Rf2 R2b7 35. Rcd2 Qxc4 36. Rxd6 Rb2 37. Rxb2 Rxb2 38. Qf6 Rb8 39. Qxe5
Qb5 40. Rd5 Re8 41. Qf6 Rxe4 42. Qd6 Re6 43. Qd8+ Kg7 44. Qc7 Qc6 45. Qd8 c4
46. Rd1 Re2 47. Qd4+ Kh7 48. Qh4+ Kg7 49. Qd4+ Kh7 50. Qh4+ Kg7 51. Qd4+
1/2-1/2

[Event "4NCL Online Division 4"]
[Site "online"]
[Date "2020.09.22"]
[Round "3.32"]
[White "Selvaraj, Hari"]
[Black "Litwiniec, Miroslawa"]
[Result "1-0"]
[WhiteElo "1930"]
[BlackElo "1817"]
[PlyCount "53"]
[EventDate "2020.09.22"]
[WhiteTeam "MCS Oxford A"]
[BlackTeam "Wantage"]

1. d4 d5 2. c4 Nf6 3. cxd5 Nxd5 4. e4 Nb6 5. Nc3 e6 6. Nf3 Be7 7. Bf4 c6 8. Be2
O-O 9. O-O N8d7 10. Qb3 Nf6 11. Rfd1 Nh5 12. Be3 Bd6 13. e5 Bc7 14. Ng5 g6 15.
Bxh5 gxh5 16. Nge4 Nd7 17. Bh6 Qe7 18. Nd5 Qh4 19. Nef6+ Kh8 20. Qd3 Nxf6 21.
Nxf6 Qxf6 22. exf6 Rg8 23. Qf3 e5 24. Qxh5 exd4 25. Qxf7 Bh3 26. Bg7+ Rxg7 27.
Qxg7# 1-0

[Event "4NCL Online Division 4"]
[Site "online"]
[Date "2020.09.22"]
[Round "3.33"]
[White "Hemmings, Peter J"]
[Black "Zhu, Hou Ning"]
[Result "1-0"]
[WhiteElo "1607"]
[BlackElo "1802"]
[PlyCount "105"]
[EventDate "2020.09.22"]
[WhiteTeam "Wantage"]
[BlackTeam "MCS Oxford A"]

1. e4 c5 2. Nf3 g6 3. d4 cxd4 4. Nxd4 Bg7 5. c3 Nc6 6. Be3 Nf6 7. Nxc6 bxc6 8.
Bd3 d6 9. Nd2 O-O 10. O-O d5 11. exd5 Nxd5 12. Bc5 Nxc3 13. Qf3 Nd5 14. Rab1
Qd7 15. Nb3 Qg4 16. Qxg4 Bxg4 17. h3 Bd7 18. Rfe1 Rfe8 19. Bd4 Bxd4 20. Nxd4
Nb4 21. Bc4 e6 22. a3 Nd5 23. Nb3 Reb8 24. Nc5 Bc8 25. Rec1 Rb6 26. b4 a5 27.
b5 Rab8 28. a4 Nc7 29. Ne4 cxb5 30. axb5 Kg7 31. Nc3 Bd7 32. Na4 Rd6 33. b6 Nd5
34. b7 Bxa4 35. Bxd5 Bd7 36. Bf3 f5 37. Rc5 a4 38. Ra5 Be8 39. Ra8 Rdd8 40. Ra6
e5 41. Bd1 Kf7 42. Bxa4 Bxa4 43. Rxa4 Rd7 44. Rab4 Ke7 45. f3 Rd5 46. Kf2 Kd7
47. Rc4 Rd2+ 48. Ke3 Rxg2 49. Rd1+ Ke6 50. Rc6+ Ke7 51. Rc7+ Kf6 52. Rxh7 Rb2
53. Rd6+ 1-0

[Event "4NCL Online Division 4"]
[Site "online"]
[Date "2020.09.22"]
[Round "3.41"]
[White "Wood, Peter R"]
[Black "Kruitbosch, Gijs"]
[Result "1-0"]
[WhiteElo "1990"]
[BlackElo "1840"]
[PlyCount "83"]
[EventDate "2020.09.22"]
[WhiteTeam "Catford Cosmonauts 3"]
[BlackTeam "Wigston 2"]

1. e4 e5 2. Nc3 Nc6 3. Bc4 Bc5 4. Qg4 Qf6 5. Nd5 Qxf2+ 6. Kd1 Bf8 7. Nxc7+ Kd8
8. Nxa8 Nd4 9. Nh3 Qf6 10. Rf1 Qc6 11. Bb3 f6 12. c3 Nxb3 13. axb3 Qb5 14. Qe2
Qxb3+ 15. Ke1 a6 16. Qe3 d5 17. Qb6+ Qxb6 18. Nxb6 dxe4 19. Nxc8 Kxc8 20. Ng5
Nh6 21. Nxe4 f5 22. Ng3 g6 23. d3 Ng4 24. h3 Nf6 25. Bg5 Nd7 26. Kd1 Bd6 27.
Kc2 Re8 28. Rae1 e4 29. Nxe4 fxe4 30. Rxe4 Rxe4 31. dxe4 Nc5 32. Bf4 Be7 33. b4
Ne6 34. Be3 h5 35. Kb3 b5 36. c4 bxc4+ 37. Kxc4 Kd7 38. Ra1 Nc7 39. Bb6 Ne8 40.
Rxa6 Nd6+ 41. Kd5 Nc8 42. Bc5 1-0

[Event "4NCL Online Division 4"]
[Site "online"]
[Date "2020.09.22"]
[Round "3.42"]
[White "Pike, Andrew"]
[Black "Sedykh, Stakhey"]
[Result "1/2-1/2"]
[WhiteElo "1645"]
[BlackElo "1780"]
[PlyCount "38"]
[EventDate "2020.09.22"]
[WhiteTeam "Wigston 2"]
[BlackTeam "Catford Cosmonauts 3"]

1. c4 e5 2. a3 Nc6 3. e3 g6 4. Nc3 Bg7 5. Nf3 d6 6. Be2 f5 7. e4 Nf6 8. d3 f4
9. O-O O-O 10. Bd2 Bg4 11. Rc1 Bxf3 12. Bxf3 Nd4 13. Nd5 c6 14. Nxf6+ Qxf6 15.
Bc3 Ne6 16. b4 c5 17. Rb1 b6 18. Qe2 Rab8 19. Qd1 Ra8 1/2-1/2

[Event "4NCL Online Division 4"]
[Site "online"]
[Date "2020.09.22"]
[Round "3.43"]
[White "Foreman, Anthony"]
[Black "Mottram, Paul"]
[Result "1/2-1/2"]
[WhiteElo "1570"]
[BlackElo "1592"]
[PlyCount "105"]
[EventDate "2020.09.22"]
[WhiteTeam "Catford Cosmonauts 3"]
[BlackTeam "Wigston 2"]

1. Nf3 d5 2. c4 c6 3. e3 Nf6 4. d4 Bf5 5. Nc3 e6 6. Qb3 Qb6 7. c5 Qc7 8. Be2
Nbd7 9. Nh4 Bg6 10. Bd2 Be7 11. Nxg6 hxg6 12. h3 O-O 13. Bd3 e5 14. O-O exd4
15. exd4 Rfe8 16. Qc2 b6 17. b4 a5 18. a3 axb4 19. axb4 b5 20. Rfe1 Nf8 21. Bg5
N8h7 22. Bh4 Qd7 23. Bg3 Nh5 24. Be5 Bf6 25. Rxa8 Rxa8 26. Qd2 Re8 27. Bxf6
Rxe1+ 28. Qxe1 N5xf6 29. Qe5 Nf8 30. Be2 Qe6 31. f4 N6d7 32. Bg4 f5 33. Qxe6+
Nxe6 34. Bf3 Nxf4 35. g3 Nxh3+ 36. Kg2 Ng5 37. Bxd5+ cxd5 38. Nxd5 Ne6 39. c6
Nb8 40. c7 Nxc7 41. Nxc7 Nc6 42. d5 Nxb4 43. d6 Nc6 44. Nxb5 Ne5 45. Kf2 Kf7
46. Ke3 Ke6 47. Kf4 Nc4 48. g4 fxg4 49. Kxg4 Nxd6 50. Nxd6 Kxd6 51. Kg5 Ke5 52.
Kxg6 Ke6 53. Kxg7 1/2-1/2

[Event "4NCL Online Division 4"]
[Site "online"]
[Date "2020.09.22"]
[Round "3.44"]
[White "Collins, RF (Bob)"]
[Black "Marchettini, Cristiano"]
[Result "0-1"]
[WhiteElo "1480"]
[BlackElo "1405"]
[PlyCount "62"]
[EventDate "2020.09.22"]
[WhiteTeam "Wigston 2"]
[BlackTeam "Catford Cosmonauts 3"]

1. Nf3 d5 2. g3 Nf6 3. Bg2 Bg4 4. O-O e6 5. d3 Nc6 6. Bg5 Be7 7. Nbd2 h6 8.
Bxf6 Bxf6 9. Rb1 O-O 10. c4 dxc4 11. Nxc4 Qd7 12. b4 Rad8 13. b5 Bxf3 14. Bxf3
Nd4 15. Bxb7 Nxb5 16. Qd2 c6 17. Na5 Bc3 18. Bxc6 Bxd2 19. Bxd7 Nc3 20. Rb2
Nxe2+ 21. Kg2 Bxa5 22. Bxe6 fxe6 23. Rxe2 Rxd3 24. Rxe6 Bb6 25. Re2 Rfd8 26. h3
Rd2 27. Rfe1 Kf7 28. Re7+ Kg6 29. R7e6+ Kf7 30. Re7+ Kf8 31. R1e2 Rxa2 0-1

[Event "4NCL Online Division 4"]
[Site "online"]
[Date "2020.09.22"]
[Round "3.51"]
[White "Ball, Matthew P"]
[Black "Palmer, James C"]
[Result "1-0"]
[WhiteElo "1690"]
[BlackElo "1705"]
[PlyCount "33"]
[EventDate "2020.09.22"]
[WhiteTeam "Doughnuts of Doom"]
[BlackTeam "St Albans 2"]

1. d4 e5 2. dxe5 Nc6 3. Nf3 Qe7 4. Bg5 Qb4+ 5. Nc3 Qxb2 6. Bd2 Nb4 7. Nd4 Bc5
8. Rb1 Qa3 9. Ndb5 Qa5 10. a3 Qb6 11. e3 Na6 12. Nd6+ cxd6 13. Rxb6 Bxb6 14.
exd6 Nf6 15. Be2 O-O 16. Bf3 Bc5 17. Nb5 1-0

[Event "4NCL Online Division 4"]
[Site "online"]
[Date "2020.09.22"]
[Round "3.52"]
[White "Pines, Chris"]
[Black "Smith, David W"]
[Result "0-1"]
[WhiteElo "1555"]
[BlackElo "1690"]
[PlyCount "128"]
[EventDate "2020.09.22"]
[WhiteTeam "St Albans 2"]
[BlackTeam "Doughnuts of Doom"]

1. b4 e5 2. Bb2 d6 3. e3 f5 4. Nc3 Nf6 5. Be2 Be7 6. Bc4 c6 7. b5 d5 8. Bb3 O-O
9. Nf3 Nbd7 10. O-O Qe8 11. a4 Qh5 12. Ne2 e4 13. Ng3 Qe8 14. Ng5 Nc5 15. d3
Nxb3 16. cxb3 Ng4 17. Nh3 Bf6 18. Bxf6 Nxf6 19. bxc6 bxc6 20. dxe4 fxe4 21. Nf4
Bg4 22. Qd2 Rb8 23. Qc3 Bd7 24. Rab1 Qe7 25. b4 Rb7 26. Rb2 Rfb8 27. Rfb1 a6
28. Nge2 Ng4 29. Nd4 Ne5 30. g3 g5 31. Ng2 Qf6 32. Ne1 Nf3+ 33. Nexf3 exf3 34.
Qe1 c5 35. Nc2 Bf5 36. Qd1 Be4 37. b5 Qf5 38. Rc1 axb5 39. axb5 Rb6 40. Na3 Rh6
41. Kh1 Qh3 42. Qg1 c4 43. Nc2 Bxc2 44. Rcxc2 Rhb6 45. Rc1 Rxb5 46. Rxb5 Rxb5
47. Rd1 Rc5 48. Qf1 Qxf1+ 49. Rxf1 g4 50. Kg1 Kf7 51. Rc1 c3 52. Rc2 Kf6 53.
Kf1 Kf5 54. Ke1 Ke4 55. Kd1 Kd3 56. Rc1 Rb5 57. Ke1 Rb2 58. Rd1+ Ke4 59. Rc1
Re2+ 60. Kf1 Kd3 61. Rd1+ Rd2 62. Rc1 c2 63. Ke1 Re2+ 64. Kf1 Kd2 0-1

[Event "4NCL Online Division 4"]
[Site "online"]
[Date "2020.09.22"]
[Round "3.53"]
[White "Sainiuc, Stefan"]
[Black "Price, Liam"]
[Result "1-0"]
[WhiteElo "1600"]
[BlackElo "1532"]
[PlyCount "77"]
[EventDate "2020.09.22"]
[WhiteTeam "Doughnuts of Doom"]
[BlackTeam "St Albans 2"]

1. e4 c5 2. d3 Nc6 3. f4 e5 4. Nf3 d6 5. Be2 Be7 6. O-O Nf6 7. c3 Qb6 8. Kh1
O-O 9. fxe5 dxe5 10. Qc2 Bg4 11. h3 Bh5 12. Bg5 h6 13. Bh4 Bg6 14. Nbd2 Nh5 15.
Bf2 Rfd8 16. Nc4 Qc7 17. g4 Nf4 18. Kh2 b5 19. Ne3 Qd7 20. Ne1 h5 21. Rd1 Bg5
22. N1g2 Ne7 23. Nf5 Nxe2 24. Qxe2 hxg4 25. hxg4 Bxf5 26. gxf5 Rac8 27. Bg3 f6
28. Rf3 Kf7 29. Kg1 Nc6 30. Bh4 Bxh4 31. Nxh4 c4 32. Qg2 Qb7 33. Qg6+ Kf8 34.
Qh7 cxd3 35. Ng6+ Kf7 36. Rg3 Rc7 37. Nxe5+ Nxe5 38. Rxg7+ Ke8 39. Qh8# 1-0

[Event "4NCL Online Division 4"]
[Site "online"]
[Date "2020.09.22"]
[Round "3.54"]
[White "Douse, Terry"]
[Black "Ball, Charlie"]
[Result "0-1"]
[WhiteElo "1510"]
[BlackElo "1600"]
[PlyCount "124"]
[EventDate "2020.09.22"]
[WhiteTeam "St Albans 2"]
[BlackTeam "Doughnuts of Doom"]

1. c4 e5 2. Nc3 Nf6 3. e4 Bb4 4. d3 d6 5. Bd2 Nc6 6. Nf3 Bg4 7. Be2 O-O 8. Nd5
Bxd2+ 9. Nxd2 Bxe2 10. Qxe2 Nd4 11. Qd1 c6 12. Nxf6+ Qxf6 13. O-O Rfe8 14. Nf3
Nxf3+ 15. Qxf3 Qxf3 16. gxf3 Re6 17. Kh1 Rf6 18. Rae1 Rxf3 19. Re3 Rf4 20. Rg3
Re8 21. f3 Re6 22. Kg2 Ref6 23. Rg4 Rxg4+ 24. fxg4 Rxf1 25. Kxf1 g5 26. Kf2 Kg7
27. Kg3 Kg6 28. b4 b6 29. a4 a6 30. h3 h5 31. b5 axb5 32. cxb5 cxb5 33. axb5
h4+ 34. Kf3 Kf6 35. Ke3 Ke6 36. d4 d5 37. Kd3 dxe4+ 38. Kxe4 exd4 39. Kxd4 f5
40. gxf5+ Kxf5 41. Kd5 g4 42. hxg4+ Kxg4 43. Kc6 h3 44. Kxb6 h2 45. Kc7 h1=Q
46. b6 Qc1+ 47. Kb8 Qf4+ 48. Ka8 Qf8+ 49. Ka7 Qa3+ 50. Kb8 Qd6+ 51. Ka7 Kf5 52.
b7 Qa3+ 53. Kb6 Qb4+ 54. Kc7 Qc5+ 55. Kd8 Qb6+ 56. Kc8 Qc6+ 57. Kb8 Ke6 58. Ka7
Qa4+ 59. Kb6 Qb4+ 60. Ka7 Qa5+ 61. Kb8 Kd6 62. Kc8 Qc7# 0-1

[Event "4NCL Online Division 4"]
[Site "online"]
[Date "2020.09.22"]
[Round "3.61"]
[White "Hann, R Mark"]
[Black "Fairclough, William"]
[Result "1-0"]
[WhiteElo "2035"]
[BlackElo "1465"]
[PlyCount "61"]
[EventDate "2020.09.22"]
[WhiteTeam "Bolton and Worsley"]
[BlackTeam "Manchester Juniors B"]

1. b3 d5 2. Bb2 Nf6 3. e3 a6 4. f4 Nc6 5. Nf3 Bg4 6. Be2 e6 7. O-O Bc5 8. Ne5
Bxe2 9. Qxe2 O-O 10. Nxc6 bxc6 11. d3 d4 12. e4 Re8 13. Nd2 e5 14. f5 h5 15. h3
Bb4 16. Nc4 Bc3 17. Bxc3 dxc3 18. g3 Qd4+ 19. Kg2 a5 20. a4 Qd8 21. Qe3 Nh7 22.
Rf2 h4 23. g4 Rf8 24. Nxe5 Qd6 25. Nc4 Qf6 26. e5 Qd8 27. Raf1 Qd5+ 28. Kg1 g6
29. f6 Rfe8 30. Qh6 Qd4 31. Qg7# 1-0

[Event "4NCL Online Division 4"]
[Site "online"]
[Date "2020.09.22"]
[Round "3.62"]
[White "Correa, Rebecca"]
[Black "Lamb, Ian"]
[Result "1/2-1/2"]
[WhiteElo "1435"]
[BlackElo "1690"]
[PlyCount "92"]
[EventDate "2020.09.22"]
[WhiteTeam "Manchester Juniors B"]
[BlackTeam "Bolton and Worsley"]

1. d4 e6 2. Nf3 Nf6 3. Bf4 d5 4. h3 c5 5. c3 Nc6 6. e3 Bd6 7. Bxd6 Qxd6 8. Bd3
O-O 9. O-O b6 10. Nbd2 Bb7 11. Re1 cxd4 12. cxd4 Nb4 13. Qb3 Nxd3 14. Qxd3 Rac8
15. Rac1 Rc7 16. Rxc7 Qxc7 17. Nb3 Qd6 18. Rc1 Rc8 19. Rxc8+ Bxc8 20. Ne5 Nd7
21. Ng4 f5 22. Nh2 Qb4 23. Qd2 Qc4 24. Qc1 Qxc1+ 25. Nxc1 Ba6 26. Nf3 h6 27. a4
g5 28. b4 Bc4 29. Nd2 a6 30. Nxc4 dxc4 31. Kf1 b5 32. axb5 axb5 33. Na2 Nf6 34.
Nc3 Nd5 35. Nxb5 Nxb4 36. Ke1 Kf7 37. Kd2 Kf6 38. Nd6 Nd3 39. f3 Nb2 40. Nb5 h5
41. Na3 g4 42. f4 Ke7 43. Nc2 Na4 44. Na3 Nb2 45. Kc2 Nd3 46. Kd2 Nb2 1/2-1/2

[Event "4NCL Online Division 4"]
[Site "online"]
[Date "2020.09.22"]
[Round "3.63"]
[White "Kumar, Jamie"]
[Black "Eccleston, Bryony"]
[Result "1-0"]
[WhiteElo "1600"]
[BlackElo "1405"]
[PlyCount "75"]
[EventDate "2020.09.22"]
[WhiteTeam "Bolton and Worsley"]
[BlackTeam "Manchester Juniors B"]

1. d4 Nf6 2. c4 e5 3. dxe5 Ng4 4. e3 Nxe5 5. f4 Ng6 6. Nf3 Bb4+ 7. Bd2 Bxd2+ 8.
Qxd2 Qe7 9. Nc3 Nxf4 10. O-O-O Ng6 11. Nd5 Qd6 12. Qd4 O-O 13. c5 Nc6 14. cxd6
Nxd4 15. Rxd4 cxd6 16. Nc7 Rb8 17. Rxd6 b6 18. Ba6 Bxa6 19. Nxa6 Rbc8+ 20. Kd2
Rfd8 21. Rc1 Nf8 22. Rxc8 Rxc8 23. Ne5 Rd8 24. Nc6 Ra8 25. Ne7+ Kh8 26. Nc7 Rd8
27. a4 Rb8 28. h4 g6 29. g4 Kg7 30. e4 Rb7 31. Ne8+ Kh8 32. Rf6 Ne6 33. Rxf7
Rb8 34. Nf6 Nf8 35. h5 g5 36. Ng6+ hxg6 37. hxg6 Re8 38. g7# 1-0

[Event "4NCL Online Division 4"]
[Site "online"]
[Date "2020.09.22"]
[Round "3.64"]
[White "Correa, Edward"]
[Black "Busznyak, Arpad"]
[Result "1-0"]
[WhiteElo "1262"]
[BlackElo "1547"]
[PlyCount "48"]
[EventDate "2020.09.22"]
[WhiteTeam "Manchester Juniors B"]
[BlackTeam "Bolton and Worsley"]

1. d4 Nf6 2. c4 g6 3. Nc3 Bg7 4. Nf3 d6 5. e4 Nbd7 6. g3 O-O 7. Bg2 b6 8. O-O
Bb7 9. Re1 e5 10. d5 Nc5 11. b4 Na6 12. a3 c6 13. Bg5 cxd5 14. cxd5 Rc8 15. Rc1
h6 16. Bd2 Rc7 17. Nb5 Rxc1 18. Qxc1 Qb8 19. Bxh6 Bxh6 20. Qxh6 Nh7 21. h4 Nc7
22. Nxd6 Ba6 23. Nxe5 Nb5 24. Ndxf7 Rxf7 1-0